书目信息 |
| 题名: |
国际知识手册
|
|
| 作者: | ;北京第二外国语学院国际关系教研室 编 | |
| 分册: | 上 | |
| 出版信息: | 南宁 广西人民出版社 1981.04 |
|
| 页数: | 260页 | |
| 开本: | 19cm | |
| 丛书名: | ||
| 单 册: | ||
| 中图分类: | D-62 | |
| 科图分类: | ||
| 主题词: | 政治 | |
| 电子资源: | ||
| ISBN: | ||
| 000 | 00650nam0 2200205 45 | |
| 001 | 0210211502 | |
| 005 | 20040430102503.2 | |
| 010 | @dCNY0.74 | |
| 091 | @a3113.283 | |
| 100 | @a20021021d1981 km y0chiy0120 ea | |
| 101 | 0 | @achi |
| 105 | @a z 000yy | |
| 200 | 1 | @a国际知识手册@AGuo Ji Zhi Shi Shou Ce@h上@f北京第二外国语学院国际关系教研室编@FBei Jing Di Er Wai Guo Yu Xue Yuan Guo Ji Guan Xi Jiao Yan Shi Bian |
| 210 | @a南宁@c广西人民出版社@d1981.04 | |
| 215 | @a260页@d19cm | |
| 606 | 0 | @a政治 |
| 690 | @aD-62@v3 | |
| 711 | 02 | @a北京第二外国语学院国际关系教研室@4编 |
| 801 | @aCN@bTSTC@c20030927 | |
| 905 | @dD-62@e8:1@f2@b82208-209@b178235@f1 | |
| 国际知识手册.上/北京第二外国语学院国际关系教研室编.-南宁:广西人民出版社,1981.04 |
| 260页;19cm |
| ISBN :CNY0.74 |
| ● |
| 相关链接 |
|
|
|
|
正题名:国际知识手册
索取号:D-62/8:1
 
预约/预借
| 序号 | 登录号 | 条形码 | 馆藏地/架位号 | 状态 | 备注 |
| 1 | 0082206 | 001668010 | 密集书库/ [索取号:D-62/8:1] | 在馆 | |
| 2 | 0082207 | 001667324 | 密集书库/ [索取号:D-62/8:1] | 在馆 | |
| 3 | 0082208 | 001022921 | 第一样本阅览室/ [索取号:D-62/8:1] | 在馆 | |
| 4 | 0082209 | 001022949 | 第一借阅区/ [索取号:D-62/8:1] | 在馆 | |
| 5 | 0082210 | 001667253 | 密集书库/ [索取号:D-62/8:1] | 在馆 | |
| 6 | 0082211 | 001667262 | 密集书库/ [索取号:D-62/8:1] | 在馆 | |
| 7 | 0082212 | 001667271 | 密集书库/ [索取号:D-62/8:1] | 在馆 | |
| 8 | 0082213 | 001667280 | 密集书库/ [索取号:D-62/8:1] | 在馆 | |
| 9 | 0082214 | 001667217 | 密集书库/ [索取号:D-62/8:1] | 在馆 | |
| 10 | 0178234 | 001863834 | 密集书库/ [索取号:D-62/8:1] | 在馆 | |
| 11 | 0178235 | 001022967 | 第一借阅区/ [索取号:D-62/8:1] | 在馆 |